Obálka Náhled e-knihy:
PDF Epub
Pro půjčování e-knih musíte být přihlášeni.
Jak si půjčit online?

Ajťácká detektivka : egyptská záhada /

Další příběh Sofie a Bena, kteří řeší zapeklitý detektivní případ.

Uloženo v:
Série:Ajťácká detektivka, část 2
Hlavní autor: Valenta, Jakub, 1994- (Autor)
Další autoři: Valentová Voráčová, Barbora, 1987- (Autor)
Médium: E-kniha
Jazyk:Czech
Vydáno: V Brně : Albatros, 2025
Vydání:1. vydání
Témata:
Příbuzné jednotky:Z cyklu:: Ajťácká detektivka
Tagy:
Žádné tagy
LEADER 02801nam a2200529 i 4500
001 312818
003 CZ PrSKC
005 20260601215729.0
007 ta
008 250915s2025 xr a c 000 j cze d
015 |a cnb003708645 
020 |a 9788000078625  |q (brožováno) :  |c Kč 299,00 
035 |a (OCoLC)1549630768 
040 |a BOG001  |b cze  |d ABG001  |d ABA001  |e rda 
072 7 |a 821.162.3-3  |x Česká próza  |2 Konspekt 
072 7 |a 821-93  |x Literatura pro děti a mládež (beletrie)  |2 Konspekt 
080 |a 821.162.3-32  |2 MRF 
080 |a 821-93  |2 MRF 
080 |a 007+004  |2 MRF 
080 |a (0:82-322.4)  |2 MRF 
100 1 |a Valenta, Jakub,  |d 1994-  |7 xx0323273  |4 aut 
245 1 0 |a Ajťácká detektivka :  |b egyptská záhada /  |c Jakub Valenta, Barbora Voráčová 
246 3 0 |a Egyptská záhada 
250 |a 1. vydání 
264 1 |a V Brně :  |b Albatros,  |c 2025 
300 |a 142 stran :  |b ilustrace ;  |c 20 cm 
336 |a text  |b txt  |2 rdacontent 
337 |a bez média  |b n  |2 rdamedia 
338 |a svazek  |b nc  |2 rdacarrier 
500 |a Místo vydání je chybné, správně má být: v Praze 
520 2 |a Další příběh Sofie a Bena, kteří řeší zapeklitý detektivní případ.  |b Sofie není žádná IT začátečnice, ale stále se má co učit od mistra virtuálního světa Bena. Společně s jejím strýcem Valerianem tvoří detektivní kancelář a řeší případy na zakázku. Další případ je zavede do Káhiry, kde se potkají nejen s nebezpečím, ale i s Valerianovou kamarádkou z dětství - právničkou Caitlyn. To, co se naučí hlavní hrdinové, si můžeš vyzkoušet i ty díky interaktivním IT úkolům v knize! Dobrodružství plné hádanek, napětí i technologických výzev právě začíná! Nakladatelská anotace. 
650 0 7 |a informatika  |7 ph137095  |2 czenas 
650 0 9 |a informatics  |2 eczenas 
655 7 |a české příběhy  |7 fd133973  |2 czenas 
655 7 |a detektivní příběhy  |7 fd132009  |2 czenas 
655 7 |a publikace pro děti  |7 fd133156  |2 czenas 
655 9 |a Czech stories  |2 eczenas 
655 9 |a detective stories  |2 eczenas 
655 9 |a children's literature  |2 eczenas 
700 1 |a Valentová Voráčová, Barbora,  |d 1987-  |7 av20191056656  |4 aut 
787 0 8 |i Z cyklu:  |t Ajťácká detektivka  |g 2 
900 |a ABA001  |b 19 
928 9 |a Albatros Media - Albatros 
044 |a xr 
910 |a RBIT002 
998 |d 422479  |a https://core.palmknihy.cz/api/books/422479/cover?t2rnwr  |b https://core.palmknihy.cz/api/books/422479/cover/400?t2rnwr  |c https://core.palmknihy.cz/api/books/422479/cover/50?t2rnwr  |e 2035-12-31  |g 144  |i 9788000078625  |j https://core.palmknihy.cz/api/books/422479/preview.epub  |k https://core.palmknihy.cz/api/books/422479/preview.pdf  |l   |q 49  |r 1  |s https://www.palmknihy.cz/kniha/422479  |t ebook  |y 2025  |z 0 
999 |d 312816